01034nam a2200277Ia 4500001000900000003000500009005001700014008004100031010001100072040000900083082002000092100002500112245012400137260003500261300001100296500014500307503002200452504002800474505010200502650002300604650002400627650002200651650001800673700003500691700003000726dia_1545CHAP20251023152516.0220117s1970 xx 000 0 und d a172088 cCHAP a697.93 J46 1970 aJennings, Burgess H. aAire acondicionado y refrigeración /c Burgess H. Jennings y Samuel R. Lewis ; traducción Armando Garza Cárdenas aMéxico :b C.E.C.S.A,c1970 a800 p. aTítulo original: Air conditioning and refrigeration \ El ejemplar 2 viene en 4 tomos y fue mutilado. Carece de las cartas psicrométricas aI. 136404 (ej. 2) aIncluye bibliografías a3 cartas psicrométricas \ Temperaturas normales \ 2. Temperaturas altas \ 3. Bajas temperaturas aAir conditioning  aAire acondiconado  aRefrigeración  aRefrigeration aGarza Cárdenas, Armando, tr. aLewis, Samuel R., coaut.